| 000 | 01237nam a22002777a 4500 | ||
|---|---|---|---|
| 005 | 20170323124540.0 | ||
| 008 | 140714b xxu||||| |||| 00| 0 Urdu d | ||
| 010 | _aUR-8552 B-548254 B-665915 | ||
| 020 |
_c350.00 _a9788180422935 |
||
| 035 | _aU-7107 B-548254 B-665915 | ||
| 037 | _bBPPD/Publishers/Venders | ||
| 037 | _bDBAD/Pub. | ||
| 037 | _bStar Pub.(Vend.)/Modern Pub.(Pub.) | ||
| 040 |
_aDPL _bUrdu |
||
| 082 | _a ک | ||
| 100 | _aقا ضی مشتا ق ا حمد | ||
| 245 |
_aد ل کے سلگنے کا سبب _cقا ضی مشتا ق ا حمد |
||
| 246 |
_aDil ke Sulagne ka sabab _bby Qazi Mushtaque Ahmed |
||
| 260 |
_bModern Publishing House _bStar Publications.( Vender) _c2014 |
||
| 260 | _a4/5Asaf Ali Road,New Delhi-110002 | ||
| 270 |
_a9-گو لا ما ر کيٹ،د ر يا گنج _b نئ دھلی _e110002 _k01123278869 |
||
| 300 |
_a304ص _c22Cm(Pb) |
||
| 942 |
_2ddc _cUR _mق ا ض _h ک |
||
| 999 |
_c87728 _d87728 |
||